[Event "40th Olympiad Women"]
[Site "Istanbul TUR"]
[Date "2012.08.30"]
[Round "3.27"]
[Board "2"]
[White "Wafa, Shrook"]
[Black "Baptista, Ana Filipa"]
[Result "0-1"]
[WhiteTitle "WFM"]
[BlackTitle "WFM"]
[WhiteElo "1911"]
[BlackElo "2152"]
[WhiteTeam "Egypt"]
[BlackTeam "Portugal"]
[WhiteFideId "10609970"]
[BlackFideId "1902970"]
[EventDate "2012.08.28"]

1. e4 c5 2. Nc3 e6 3. g3 Nc6 4. Bg2 Nf6 5. d3 Be7 6. f4 d5 7. e5 Nd7 8. Nf3 Rb8
9. O-O b5 10. a3 b4 11. axb4 cxb4 12. Ne2 Qb6+ 13. d4 a5 14. Be3 Ba6 15. Qd2 b3
16. c3 Qb5 17. Rfe1 a4 18. f5 a3 19. Nf4 Nd8 20. Bf1 Qc6 21. Bxa6 Qxa6 22. fxe6
fxe6 23. bxa3 Nb6 24. Nd3 Nc4 25. Qe2 b2 26. Rab1 Qxa3 27. Nd2 Nxe3 28. Qxe3
Qxc3 29. Nxb2 Qxe3+ 30. Rxe3 Nc6 31. Nf3 Nxd4 32. Kg2 Nxf3 33. Rxf3 Rf8 34. Rc3
Rf5 35. Rc2 Ba3 36. g4 Rg5 37. Kf3 h5 38. h3 hxg4+ 39. hxg4 Rb4 40. Ra1 Bxb2 41.
Ra7 Rb8 42. Rh2 Rb3+ 43. Ke2 Rxe5+ 44. Kd1 Ba3 45. Rh8+ Bf8 46. Ra8+ Ke7 47.
Ra7+ Kd6 48. Rxf8 Rg5 49. Re8 Ke5 50. Ree7 Rxg4 51. Rxg7 Rxg7 52. Rxg7 Rb2 53.
Re7 d4 54. Rh7 Ke4 55. Rh4+ Kd5 56. Rh8 e5 57. Rh4 e4 58. Kc1 Rg2 59. Kd1 e3 60.
Ke1 Ra2 61. Rg4 Kc4 62. Rg3 Kd3 63. Kf1 Ra1+ 64. Kg2 Kd2 0-1

[Event "40th Olympiad Women"]
[Site "Istanbul TUR"]
[Date "2012.08.30"]
[Round "3.27"]
[Board "3"]
[White "Oliveira, Maria Ines"]
[Black "Wafa, Shahenda"]
[Result "1-0"]
[BlackTitle "WFM"]
[WhiteElo "1927"]
[BlackElo "1830"]
[WhiteTeam "Portugal"]
[BlackTeam "Egypt"]
[WhiteFideId "1909436"]
[BlackFideId "10609962"]
[EventDate "2012.08.28"]

1. e4 c5 2. Nf3 Nc6 3. d4 cxd4 4. Nxd4 Nf6 5. Nc3 e5 6. Ndb5 d6 7. Bg5 a6 8. Na3
b5 9. Nd5 Qa5+ 10. Bd2 Qd8 11. Bg5 Be7 12. Bxf6 Bxf6 13. c4 b4 14. Nc2 a5 15. g3
O-O 16. h4 Be7 17. Bg2 Rb8 18. b3 f5 19. Nde3 f4 20. Nf5 Bxf5 21. exf5 Nd4 22.
Nxd4 exd4 23. Qxd4 Rxf5 24. O-O-O fxg3 25. Be4 Rxf2 26. Qd5+ Kf8 27. Bxh7 Bf6
28. Rhe1 Bb2+ 29. Kb1 Be5 30. Qg8+ Ke7 31. Rxe5+ dxe5 32. Rxd8 Rxd8 33. Qxg7+
Ke6 34. Bg8+ Kf5 35. Qg5+ Ke4 36. Qxd8 g2 37. Bd5+ Ke3 38. Qg5+ 1-0

[Event "40th Olympiad Women"]
[Site "Istanbul TUR"]
[Date "2012.08.30"]
[Round "3.27"]
[Board "4"]
[White "Abdelmenaem, Sohayla"]
[Black "Monteiro, Sara Cristina da Silva"]
[Result "1-0"]
[BlackTitle "WCM"]
[WhiteElo "1732"]
[BlackElo "1841"]
[WhiteTeam "Egypt"]
[BlackTeam "Portugal"]
[WhiteFideId "10610529"]
[BlackFideId "1909860"]
[EventDate "2012.08.28"]

1. d4 Nf6 2. Nf3 e6 3. e3 d5 4. Bd3 c5 5. b3 Nc6 6. Bb2 Bd7 7. a3 Rc8 8. Nbd2 a6
9. O-O Bd6 10. Ne5 cxd4 11. exd4 O-O 12. Qe2 Bb8 13. f4 Ne8 14. Rae1 Nxe5 15.
fxe5 f6 16. Qh5 f5 17. g4 g6 18. Qh6 Qe7 19. gxf5 gxf5 20. Kh1 Kh8 21. Rg1 Nc7
22. a4 b5 23. Ba3 Qf7 24. Bxf8 Rxf8 25. Rg3 Bc6 26. Reg1 Ne8 27. Be2 f4 28. Bh5
fxg3 29. Bxf7 Rxf7 30. Rxg3 bxa4 31. Qxe6 1-0

[Event "40th Olympiad Women"]
[Site "Istanbul TUR"]
[Date "2012.08.30"]
[Round "3.28"]
[Board "1"]
[White "Munoz, Carolina"]
[Black "Steil-Antoni, Fiona"]
[Result "0-1"]
[WhiteTitle "WIM"]
[BlackTitle "WIM"]
[WhiteElo "1981"]
[BlackElo "2173"]
[WhiteTeam "Costa Rica"]
[BlackTeam "Luxembourg"]
[WhiteFideId "6500579"]
[BlackFideId "4001249"]
[EventDate "2012.08.28"]

1. e4 e5 2. d4 exd4 3. Nf3 Bc5 4. c3 dxc3 5. Nxc3 Nf6 6. e5 Ng4 7. Ne4 Bb4+ 8.
Bd2 Bxd2+ 9. Qxd2 Qe7 10. O-O-O Nxe5 11. Nxe5 Qxe5 12. Re1 O-O 13. f4 Qe6 14.
Nc3 Qc6 15. Kb1 a6 16. Bd3 d6 17. f5 Nd7 18. Be4 Qc5 19. Nd5 Nf6 20. Nxf6+ gxf6
21. g4 Bd7 22. Qh6 Rfe8 23. g5 Rxe4 24. Rxe4 Qxf5 25. Re1 Bc6 26. Kc1 Bxe4 27.
gxf6 Qc5+ 28. Kd2 Qd4+ 0-1

[Event "40th Olympiad Women"]
[Site "Istanbul TUR"]
[Date "2012.08.30"]
[Round "3.28"]
[Board "2"]
[White "Boyard, Marie"]
[Black "Gamboa Alvarado, Leticia"]
[Result "1/2-1/2"]
[WhiteElo "2035"]
[BlackElo "1890"]
[WhiteTeam "Luxembourg"]
[BlackTeam "Costa Rica"]
[WhiteFideId "4001486"]
[BlackFideId "6502270"]
[EventDate "2012.08.28"]

1. e4 d6 2. d4 Nf6 3. Nc3 g6 4. Be3 Bg7 5. f3 c6 6. Qd2 Nbd7 7. h4 h5 8. Be2 b5
9. a3 Qa5 10. Nh3 Nb6 11. b4 Qa6 12. a4 Nc4 13. Bxc4 bxc4 14. b5 cxb5 15. Nxb5
Qb7 16. Rb1 O-O 17. Kf2 Bxh3 18. Rxh3 Rab8 19. Rhh1 a6 20. Nc3 Qc7 21. Rxb8 Rxb8
22. Rb1 Rxb1 23. Nxb1 Qb6 24. Nc3 Qb4 25. e5 Nd7 26. Nd5 Qxd2+ 27. Bxd2 dxe5 28.
dxe5 e6 29. Nc7 Nc5 30. f4 Nxa4 31. Nxa6 Nb6 32. Nc7 Bf8 33. Be3 Nd5 34. Nxd5
exd5 35. Bb6 Bb4 36. Ke3 Be1 37. Bd8 Bc3 38. Bb6 Be1 39. Bd8 Bc3 40. Be7 Kg7 41.
Bc5 Kg8 42. Bd4 Be1 43. Bb2 c3 44. Bc1 Bxh4 45. Kd3 Kf8 46. Kxc3 Ke7 47. Be3 Ke6
48. Kd3 Bg3 49. Kd4 1/2-1/2

[Event "40th Olympiad Women"]
[Site "Istanbul TUR"]
[Date "2012.08.30"]
[Round "3.28"]
[Board "3"]
[White "Acevedo Mendez, Lisseth"]
[Black "Boyarchenko, Vlada"]
[Result "1-0"]
[WhiteElo "1843"]
[BlackElo "1755"]
[WhiteTeam "Costa Rica"]
[BlackTeam "Luxembourg"]
[WhiteFideId "6502938"]
[BlackFideId "4000072"]
[EventDate "2012.08.28"]

1. e4 c5 2. Nf3 e6 3. d4 cxd4 4. Nxd4 a6 5. Nc3 Qc7 6. Bd3 Nf6 7. O-O Nc6 8.
Nxc6 bxc6 9. Qe2 e5 10. Bg5 Be7 11. Kh1 O-O 12. f4 Re8 13. fxe5 Qxe5 14. Rf5 Qc7
15. e5 d6 16. exf6 Bxf5 17. fxe7 Bxd3 18. Qxd3 f6 19. Qc4+ Kh8 20. Nd5 Qa5 21.
Nxf6 Rxe7 22. Ne4 Ree8 23. Bd2 Qb6 24. Nxd6 Re7 25. Rf1 c5 26. Qd5 h6 27. Qxa8+
Kh7 28. Qd5 Qd8 29. Qd3+ Kg8 30. h3 Rd7 31. Bf4 Qf6 32. Qd5+ Kh7 33. Qf5+ 1-0

[Event "40th Olympiad Women"]
[Site "Istanbul TUR"]
[Date "2012.08.30"]
[Round "3.28"]
[Board "4"]
[White "Kremer, Nadine"]
[Black "Rodriguez Arrieta, Maria Elena"]
[Result "0-1"]
[WhiteElo "1788"]
[BlackElo "1738"]
[WhiteTeam "Luxembourg"]
[BlackTeam "Costa Rica"]
[WhiteFideId "4002970"]
[BlackFideId "6502911"]
[EventDate "2012.08.28"]

1. e4 e5 2. Nf3 Nc6 3. Bb5 a6 4. Bxc6 dxc6 5. O-O Bg4 6. h3 h5 7. d3 Bxf3 8.
Qxf3 Bc5 9. Be3 Qe7 10. Nd2 f6 11. Nc4 O-O-O 12. Rad1 Bxe3 13. fxe3 Qe6 14. Qf5
Qxf5 15. Rxf5 Ne7 16. Rf3 c5 17. a3 Nc6 18. b3 Rd7 19. Nb2 b6 20. Kf2 a5 21. Na4
Nd8 22. Ke2 Kb7 23. Rb1 Ne6 24. b4 axb4 25. axb4 Ra8 26. Nc3 Ra3 27. Kd2 c4 28.
Rff1 cxd3 29. cxd3 Rd8 30. Ra1 Rxa1 31. Rxa1 c5 32. bxc5 Nxc5 33. Rb1 Rxd3+ 34.
Kc2 Rd6 35. Nb5 Rc6 36. Kc3 Nxe4+ 37. Kb4 Nd6 38. Nc3 b5 39. Rd1 Ka6 40. Ra1+
Kb6 41. Nd5+ Kb7 42. Nc3 Rc4+ 43. Kb3 Ne4 44. Nxb5 Nd2+ 45. Kb2 Rb4+ 46. Kc3
Rxb5 47. Kxd2 Rb2+ 48. Kd3 Rxg2 49. Ke4 Kc6 50. Kf3 Rd2 51. Rg1 g5 52. Ra1 f5
53. Ra6+ Kb7 54. Ra5 e4+ 0-1

[Event "40th Olympiad Women"]
[Site "Istanbul TUR"]
[Date "2012.08.30"]
[Round "3.29"]
[Board "4"]
[White "Odinaeva, Saodat"]
[Black "Ghader Pour, Shayesteh"]
[Result "0-1"]
[BlackTitle "WIM"]
[WhiteElo "1741"]
[BlackElo "2218"]
[WhiteTeam "Tajikistan"]
[BlackTeam "Iran"]
[WhiteFideId "14700255"]
[BlackFideId "12500747"]
[EventDate "2012.08.28"]

1. Nf3 Nf6 2. c4 e6 3. a3 c5 4. e3 d5 5. d4 Be7 6. Qc2 b6 7. Be2 O-O 8. O-O Bb7
9. Rd1 Nbd7 10. b3 Qc7 11. Bb2 Bd6 12. h3 Rac8 13. Nc3 a6 14. cxd5 exd5 15. Rac1
Rfe8 16. Qf5 c4 17. bxc4 dxc4 18. Nd2 b5 19. Bf3 g6 20. Qc2 Bxf3 21. Nxf3 Qb7
22. Nd2 a5 23. Ne2 Nb6 24. d5 Nfxd5 25. e4 c3 26. exd5 cxb2 27. Qxb2 Rxe2 28.
Rxc8+ Nxc8 29. Qc3 b4 30. Qd3 Re8 31. Nc4 bxa3 32. Nxa5 Qb4 0-1

[Event "40th Olympiad Women"]
[Site "Istanbul TUR"]
[Date "2012.08.30"]
[Round "3.30"]
[Board "1"]
[White "Gjergji, Rozana"]
[Black "Pham, Le Thao Nguyen"]
[Result "1-0"]
[BlackTitle "WGM"]
[WhiteElo "1924"]
[BlackElo "2393"]
[WhiteTeam "Albania"]
[BlackTeam "Vietnam"]
[WhiteFideId "4700147"]
[BlackFideId "12401226"]
[EventDate "2012.08.28"]

1. e4 c5 2. Nf3 e6 3. c3 d5 4. exd5 exd5 5. d4 Nc6 6. Be2 Bd6 7. dxc5 Bxc5 8.
O-O Nge7 9. Nbd2 O-O 10. Nb3 Bd6 11. Nbd4 Bg4 12. Be3 Bh5 13. Qd2 a6 14. Rad1
Qc7 15. h3 Rfd8 16. Rfe1 Na5 17. Ng5 Nc4 18. Qc2 Bg6 19. Bd3 Nxe3 20. Rxe3 Bf4
21. Nge6 fxe6 22. Nxe6 Bh2+ 23. Kh1 Qd6 24. Nxd8 Bf4 25. Nxb7 Qf6 26. Ree1 Nf5
27. Nc5 Rc8 28. Ne6 Bb8 29. Qd2 h6 30. Nf4 Bxf4 31. Qxf4 Rf8 32. Re5 Nh4 33.
Qxf6 Rxf6 34. Bxg6 Nxg6 35. Rexd5 Rxf2 36. R5d2 Rf5 37. b4 a5 38. Rd5 Rf2 39.
Rxa5 Nf4 40. Rf5 g6 41. Rf6 Kg7 42. Rdd6 g5 43. a4 Rc2 44. Rc6 Nxg2 45. Rfd6 1-0

[Event "40th Olympiad Women"]
[Site "Istanbul TUR"]
[Date "2012.08.30"]
[Round "3.30"]
[Board "2"]
[White "Nguyen, Thi Mai Hung"]
[Black "Pasku, Roela"]
[Result "1-0"]
[WhiteTitle "WIM"]
[BlackTitle "WFM"]
[WhiteElo "2212"]
[BlackElo "1915"]
[WhiteTeam "Vietnam"]
[BlackTeam "Albania"]
[WhiteFideId "12401676"]
[BlackFideId "4700708"]
[EventDate "2012.08.28"]

1. d4 Nf6 2. Bf4 c5 3. e3 cxd4 4. exd4 d5 5. c3 Bf5 6. Qb3 Qc8 7. Nf3 Nc6 8. Ne5
a6 9. Nd2 e6 10. Rc1 Be7 11. Ndf3 Be4 12. Be2 O-O 13. O-O Nd7 14. Nxc6 bxc6 15.
c4 a5 16. Nd2 dxc4 17. Bxc4 Bg6 18. Bb5 e5 19. Bg3 Bb4 20. Qd1 exd4 21. Bxc6 Ra7
22. Nb3 d3 23. Bb5 Qb7 24. Bxd3 a4 25. Nd4 Bxd3 26. Qxd3 Bc5 27. Nb5 Qa6 28.
Rfd1 Rb7 29. Nc7 Qxd3 30. Rxd3 Rxb2 31. Rxd7 Rxa2 32. h4 Ba3 33. Rcd1 h6 34. Nd5
Bb2 35. Nb4 Ra3 36. Nd3 1-0

[Event "40th Olympiad Women"]
[Site "Istanbul TUR"]
[Date "2012.08.30"]
[Round "3.30"]
[Board "3"]
[White "Tuzi, Bruna"]
[Black "Hoang, Thi Nhu Y"]
[Result "0-1"]
[BlackTitle "WIM"]
[WhiteElo "1546"]
[BlackElo "2228"]
[WhiteTeam "Albania"]
[BlackTeam "Vietnam"]
[WhiteFideId "4701100"]
[BlackFideId "12401455"]
[EventDate "2012.08.28"]

1. e4 c6 2. d4 d5 3. e5 c5 4. dxc5 e6 5. Be3 Qc7 6. Qd4 Ne7 7. Qc3 Nd7 8. f4 Nf5
9. Bf2 Bxc5 10. Bxc5 Qxc5 11. Nf3 Ne3 12. Qxc5 Nxc5 13. Nd4 Bd7 14. Nd2 Rc8 15.
Kf2 Nxc2 16. Nxc2 Ne4+ 17. Nxe4 Rxc2+ 18. Ke3 dxe4 19. b3 Ke7 20. Kxe4 Bc6+ 21.
Kd3 Rb2 22. Kc3 Rf2 23. Bd3 Rxf4 24. Raf1 Bxg2 25. Rxf4 Bxh1 26. Be4 g5 27.
Rxf7+ Kxf7 28. Bxh1 Kg6 29. Be4+ Kh5 30. Bxb7 Kh4 31. Bg2 Rf8 32. a4 Rf2 33. Be4
h5 34. Bb7 Rxh2 35. Bc8 Re2 36. Kd4 g4 37. Bxe6 g3 0-1

[Event "40th Olympiad Women"]
[Site "Istanbul TUR"]
[Date "2012.08.30"]
[Round "3.30"]
[Board "4"]
[White "Pham, Bich Ngoc"]
[Black "Kerciku, Suzana"]
[Result "1-0"]
[WhiteTitle "WIM"]
[WhiteElo "2172"]
[BlackElo "1521"]
[WhiteTeam "Vietnam"]
[BlackTeam "Albania"]
[WhiteFideId "12401285"]
[BlackFideId "4700783"]
[EventDate "2012.08.28"]

1. c4 e6 2. Nf3 Nf6 3. Nc3 d5 4. e3 b6 5. Be2 Be7 6. O-O O-O 7. b3 c5 8. d4 Bb7
9. Bb2 Nbd7 10. cxd5 Nxd5 11. Nxd5 Bxd5 12. Bd3 Nf6 13. Qe2 Ne4 14. Rfd1 Qc7 15.
Rac1 a5 16. Ne5 Bd6 17. f3 Nf6 18. Bb1 Bxe5 19. dxe5 Nd7 20. Qc2 g6 21. Qc3 b5
22. e4 b4 23. Qe3 Bb7 24. f4 Qc6 25. Rd6 Qc7 26. f5 exf5 27. exf5 f6 28. fxg6
hxg6 29. Qh6 Nxe5 30. Bxe5 1-0

[Event "40th Olympiad Women"]
[Site "Istanbul TUR"]
[Date "2012.08.30"]
[Round "3.31"]
[Board "1"]
[White "Bjerke, Silje"]
[Black "Vargas, Gabriela"]
[Result "1/2-1/2"]
[WhiteTitle "WIM"]
[BlackTitle "WFM"]
[WhiteElo "2235"]
[BlackElo "2050"]
[WhiteTeam "Norway"]
[BlackTeam "Paraguay"]
[WhiteFideId "1502786"]
[BlackFideId "3700860"]
[EventDate "2012.08.28"]

1. e4 e6 2. d4 d5 3. Nd2 dxe4 4. Nxe4 Nd7 5. Nf3 Ngf6 6. Nxf6+ Nxf6 7. Be3 Nd5
8. Bd2 c5 9. c4 Nf6 10. dxc5 Bxc5 11. b4 Be7 12. Qc2 Qc7 13. Be2 O-O 14. O-O Bd7
15. Bd3 Rfd8 16. Bc3 h6 17. a4 Bc6 18. Qe2 Qf4 19. Nd2 b6 20. b5 Bb7 21. a5 bxa5
22. Rxa5 Bc5 23. g3 Qd6 24. Bxf6 gxf6 25. Ne4 Bxe4 26. Bxe4 Rab8 27. Qg4+ Kh8
28. Qh4 Kg7 29. Qg4+ Kh8 30. Qh4 Kg7 31. Qg4+ 1/2-1/2

[Event "40th Olympiad Women"]
[Site "Istanbul TUR"]
[Date "2012.08.30"]
[Round "3.31"]
[Board "2"]
[White "Avalos, Leticia"]
[Black "Hagesaether, Ellen"]
[Result "0-1"]
[WhiteTitle "WCM"]
[BlackTitle "WIM"]
[WhiteElo "1742"]
[BlackElo "2230"]
[WhiteTeam "Paraguay"]
[BlackTeam "Norway"]
[WhiteFideId "3702073"]
[BlackFideId "1501909"]
[EventDate "2012.08.28"]

1. d4 f5 2. e4 fxe4 3. Nc3 Nf6 4. f3 d5 5. fxe4 dxe4 6. Bg5 Bf5 7. Bc4 Nc6 8. d5
Ne5 9. Qd4 Qd6 10. Bxf6 exf6 11. Nxe4 Bxe4 12. Bb5+ c6 13. Qxe4 cxb5 14. O-O-O
O-O-O 15. Ne2 g6 16. Nc3 a6 17. Rd4 f5 18. Qe1 Bg7 19. Rd1 Nc4 20. Rd3 Qb4 21.
b3 Qa3+ 0-1

[Event "40th Olympiad Women"]
[Site "Istanbul TUR"]
[Date "2012.08.30"]
[Round "3.31"]
[Board "3"]
[White "Skytte, Torill"]
[Black "Perez, Dalila"]
[Result "1-0"]
[WhiteElo "1954"]
[BlackElo "1760"]
[WhiteTeam "Norway"]
[BlackTeam "Paraguay"]
[WhiteFideId "1503260"]
[BlackFideId "3702014"]
[EventDate "2012.08.28"]

1. d4 d5 2. Nf3 Nf6 3. e3 e6 4. Bd3 c5 5. b3 Nc6 6. Bb2 Bd7 7. Nbd2 Be7 8. Ne5
Rc8 9. c4 Qb6 10. dxc5 Qc7 11. Nxd7 Qxd7 12. O-O Nb4 13. Bb1 dxc4 14. Nxc4 Rxc5
15. Qxd7+ Nxd7 16. Bxg7 Rg8 17. Bd4 Rcg5 18. Bxh7 Rxg2+ 19. Kh1 R8g5 20. Nd2 Bf6
21. Ne4 Rg7 22. Nxf6+ Nxf6 23. Bxf6 Rxh2+ 24. Kxh2 Rxh7+ 25. Kg2 Rh6 26. Be5 Nd5
27. Rac1 Rg6+ 28. Bg3 f5 29. Rc8+ Kd7 30. Rfc1 e5 31. Kf1 f4 32. exf4 exf4 33.
Bh4 1-0

[Event "40th Olympiad Women"]
[Site "Istanbul TUR"]
[Date "2012.08.30"]
[Round "3.32"]
[Board "1"]
[White "Feliciano Ebert, Vanessa"]
[Black "Zepeda, Lorena"]
[Result "1-0"]
[WhiteTitle "WFM"]
[BlackTitle "WIM"]
[WhiteElo "2231"]
[BlackElo "2139"]
[WhiteTeam "Brazil"]
[BlackTeam "El Salvador"]
[WhiteFideId "2114160"]
[BlackFideId "6700233"]
[EventDate "2012.08.28"]

1. e4 c5 2. Nf3 d6 3. d4 cxd4 4. Qxd4 Nc6 5. Bb5 Bd7 6. Bxc6 Bxc6 7. Nc3 Nf6 8.
Bg5 e6 9. O-O-O Be7 10. Rhe1 O-O 11. Kb1 h6 12. Bxf6 Bxf6 13. Qxd6 Bxc3 14. bxc3
Qb6+ 15. Qb4 Qxf2 16. Qd4 Qxd4 17. cxd4 Bb5 18. Kb2 Rac8 19. Re3 f6 20. Rd2 Rfd8
21. g4 Kf7 22. h4 Rc4 23. g5 hxg5 24. hxg5 Rcc8 25. Rf2 Ke7 26. gxf6+ gxf6 27.
d5 Bd7 28. e5 exd5 29. exf6+ Kd6 30. f7 Bg4 31. Ng5 Rh8 32. Rf4 Bh5 33. Rh4 Bd1
34. Rxh8 Rxh8 35. Re8 1-0

[Event "40th Olympiad Women"]
[Site "Istanbul TUR"]
[Date "2012.08.30"]
[Round "3.32"]
[Board "2"]
[White "Sanchez, Ingrid"]
[Black "Terao, Juliana Sayumi"]
[Result "0-1"]
[WhiteTitle "WCM"]
[BlackTitle "WIM"]
[WhiteElo "1992"]
[BlackElo "2187"]
[WhiteTeam "El Salvador"]
[BlackTeam "Brazil"]
[WhiteFideId "6700217"]
[BlackFideId "2109220"]
[EventDate "2012.08.28"]

1. e4 c5 2. Nf3 e6 3. d4 cxd4 4. Nxd4 a6 5. Bd3 Nf6 6. Nc3 Qc7 7. Qe2 d6 8. O-O
Nbd7 9. Nb3 Be7 10. f4 b5 11. a3 O-O 12. Bd2 Bb7 13. Rae1 e5 14. Kh1 Rfe8 15.
fxe5 Nxe5 16. Nd4 g6 17. Bg5 Nfg4 18. Bxe7 Qxe7 19. h3 Nf6 20. Qf2 Nh5 21. Be2
Ng7 22. Nd5 Bxd5 23. exd5 Qc7 24. Bf3 Qc5 25. c3 f5 26. Qd2 Nc4 27. Qf2 Ne5 28.
Qd2 Nc4 29. Qf2 Re5 30. Rxe5 Nxe5 31. Rd1 Re8 32. Qd2 Nc4 33. Qf2 Re5 34. Kg1
Ne3 35. Re1 Nxd5 36. Bxd5+ Qxd5 37. Nf3 Rxe1+ 38. Qxe1 Ne6 39. Kh2 Qe4 40. Qf2
Nc5 41. Qg3 Qe7 42. Qf4 Nd3 43. Qd4 Ne5 44. Qd5+ Kg7 45. Nd4 h5 46. b3 Qh4 47.
Ne6+ Kf6 48. g3 Ng4+ 0-1

[Event "40th Olympiad Women"]
[Site "Istanbul TUR"]
[Date "2012.08.30"]
[Round "3.32"]
[Board "4"]
[White "Garcia, Alcira"]
[Black "Chang, Suzana"]
[Result "0-1"]
[BlackTitle "WFM"]
[WhiteElo "1782"]
[BlackElo "2006"]
[WhiteTeam "El Salvador"]
[BlackTeam "Brazil"]
[WhiteFideId "6702945"]
[BlackFideId "2105985"]
[EventDate "2012.08.28"]

1. e4 c5 2. Nf3 Nc6 3. d4 cxd4 4. Nxd4 Nf6 5. Nc3 e5 6. Ndb5 d6 7. Bg5 a6 8.
Bxf6 gxf6 9. Na3 b5 10. Nd5 Bg7 11. Bd3 O-O 12. O-O Ne7 13. f4 f5 14. fxe5 dxe5
15. Nxe7+ Qxe7 16. c4 Rb8 17. Qe2 fxe4 18. Bxe4 f5 19. Bd5+ Kh8 20. Rac1 e4 21.
c5 Qe5 22. Rfd1 Qxb2 23. Qe3 f4 24. Qb3 Qxb3 25. axb3 Bb2 26. Ra1 Bxa1 27. Rxa1
e3 28. Nc2 b4 29. Ra4 Rb5 30. Nxb4 Rxc5 31. Bc4 f3 32. gxf3 Bh3 33. Nd3 Rg5+ 34.
Kh1 Bg2+ 35. Kg1 Bxf3+ 36. Kf1 Bh5+ 0-1

[Event "40th Olympiad Women"]
[Site "Istanbul TUR"]
[Date "2012.08.30"]
[Round "3.33"]
[Board "1"]
[White "Gao, Judy"]
[Black "Tsiganova, Monika"]
[Result "0-1"]
[WhiteTitle "WCM"]
[BlackTitle "WIM"]
[WhiteElo "1949"]
[BlackElo "2164"]
[WhiteTeam "New Zealand"]
[BlackTeam "Estonia"]
[WhiteFideId "4302257"]
[BlackFideId "4500199"]
[EventDate "2012.08.28"]

1. c4 Nf6 2. Nc3 e5 3. g3 d5 4. cxd5 Nxd5 5. Bg2 Nb6 6. Nf3 Nc6 7. O-O Be7 8. d3
O-O 9. a3 a5 10. Be3 Be6 11. Rc1 f6 12. Bxb6 cxb6 13. Nd2 Rc8 14. Qa4 Nd4 15.
Kh1 b5 16. Qd1 b4 17. axb4 axb4 18. Ncb1 Rxc1 19. Qxc1 Nxe2 20. Qc2 Nd4 21. Qd1
Qd7 22. f4 Bg4 23. Bf3 Nxf3 24. Nxf3 e4 25. Nbd2 Qxd3 26. Ne5 Bxd1 27. Nxd3 Be2 0-1

[Event "40th Olympiad Women"]
[Site "Istanbul TUR"]
[Date "2012.08.30"]
[Round "3.33"]
[Board "2"]
[White "Fomina, Tatyana"]
[Black "Tsoi, Nicole"]
[Result "1-0"]
[WhiteTitle "WIM"]
[BlackTitle "WFM"]
[WhiteElo "2189"]
[BlackElo "1786"]
[WhiteTeam "Estonia"]
[BlackTeam "New Zealand"]
[WhiteFideId "4500156"]
[BlackFideId "4302605"]
[EventDate "2012.08.28"]

1. e4 e6 2. Nf3 d5 3. Nc3 d4 4. Ne2 Nf6 5. d3 c5 6. g3 Nc6 7. Bg2 Be7 8. O-O O-O
9. Bg5 e5 10. Nd2 Nd7 11. Bxe7 Qxe7 12. f4 f6 13. a4 a5 14. Nc4 Rb8 15. b3 b6
16. Qd2 Ba6 17. Rf2 Rbd8 18. Nb2 Ndb8 19. Bh3 Nb4 20. Raf1 Bc8 21. Bxc8 Rxc8 22.
f5 N8c6 23. g4 Rb8 24. h4 h6 25. Rg2 Rb7 26. g5 fxg5 27. hxg5 hxg5 28. Ng3 Qf6
29. Nc4 Kf7 30. Nh5 Qd8 31. Rxg5 Rg8 32. Qg2 Kf8 33. f6 g6 34. Rxg6 Rxg6 35.
Qxg6 Nxc2 36. f7 Rb8 37. Qg7+ Ke7 38. f8=Q+ 1-0

[Event "40th Olympiad Women"]
[Site "Istanbul TUR"]
[Date "2012.08.30"]
[Round "3.33"]
[Board "4"]
[White "Vahtra, Tuuli"]
[Black "Meyer, Marany"]
[Result "1-0"]
[WhiteTitle "WFM"]
[BlackTitle "WIM"]
[WhiteElo "2014"]
[BlackElo "2117"]
[WhiteTeam "Estonia"]
[BlackTeam "New Zealand"]
[WhiteFideId "4502060"]
[BlackFideId "14300435"]
[EventDate "2012.08.28"]

1. d4 e6 2. c4 d5 3. cxd5 exd5 4. Nc3 c6 5. Qc2 Bd6 6. Nf3 Ne7 7. Bg5 f6 8. Bh4
Bf5 9. Qd2 Na6 10. e3 Nb4 11. Rc1 Na6 12. Bxa6 bxa6 13. Na4 O-O 14. Bg3 Rb8 15.
Nc5 Rb6 16. b3 Bc8 17. O-O Bxc5 18. dxc5 Rb7 19. Nd4 Qe8 20. Bd6 Rf7 21. Qa5 Nf5
22. Nxc6 Nxd6 23. cxd6 Rb5 24. Qd8 Bd7 25. Qxe8+ Bxe8 26. Ne7+ Kf8 27. Rc8 Rxe7
28. dxe7+ Kxe7 29. Rfc1 Bd7 30. R8c7 Rb6 31. Rxa7 Rd6 32. f3 h6 33. Kf2 f5 34.
Ke2 d4 35. Rd1 dxe3 36. Rxd6 Kxd6 37. Rxa6+ Kc5 38. Kxe3 Kd5 1-0

[Event "40th Olympiad Women"]
[Site "Istanbul TUR"]
[Date "2012.08.30"]
[Round "3.34"]
[Board "1"]
[White "Caoili, Arianne"]
[Black "Koskoska, Gabriela"]
[Result "1-0"]
[WhiteTitle "WIM"]
[BlackTitle "WIM"]
[WhiteElo "2204"]
[BlackElo "2094"]
[WhiteTeam "Australia"]
[BlackTeam "FYROM"]
[WhiteFideId "5201179"]
[BlackFideId "15000630"]
[EventDate "2012.08.28"]

1. d4 Nf6 2. Nf3 g6 3. Bf4 Bg7 4. e3 d6 5. h3 O-O 6. Be2 Nbd7 7. O-O Qe8 8. Bh2
e5 9. c4 Qe7 10. Nc3 c6 11. Rc1 e4 12. Nd2 Re8 13. b4 Nf8 14. Nb3 h5 15. b5 Bf5
16. bxc6 bxc6 17. Na5 Rac8 18. Rb1 Red8 19. Qa4 Bd7 20. Nb7 Ne8 21. Nxd8 Rxd8
22. Qxa7 Nh7 23. Rb7 Ng5 24. h4 Nh7 25. Nxe4 Qxe4 26. Rxd7 Qxh4 27. Rxf7 Nhf6
28. Bf3 d5 29. cxd5 cxd5 30. Rb7 Bh6 31. Bg3 Qg5 32. Bf4 Qh4 33. Bxh6 Ng4 34.
Rg7+ Kh8 35. Rh7+ 1-0

[Event "40th Olympiad Women"]
[Site "Istanbul TUR"]
[Date "2012.08.30"]
[Round "3.34"]
[Board "2"]
[White "Bejatovic, Bojana"]
[Black "Guo, Emma"]
[Result "1-0"]
[BlackTitle "WIM"]
[WhiteElo "1978"]
[BlackElo "2004"]
[WhiteTeam "FYROM"]
[BlackTeam "Australia"]
[WhiteFideId "15000141"]
[BlackFideId "3200795"]
[EventDate "2012.08.28"]

1. d4 Nf6 2. Nf3 g6 3. Bf4 Bg7 4. e3 d6 5. h3 O-O 6. Nbd2 Nc6 7. Be2 Qe8 8. Bh2
e5 9. dxe5 dxe5 10. Nc4 e4 11. Nd4 Nxd4 12. exd4 Be6 13. Ne3 Qd7 14. O-O c6 15.
c3 Nd5 16. c4 Nxe3 17. fxe3 Bh6 18. Qd2 f5 19. Rad1 Rad8 20. Qc3 Qe7 21. d5 cxd5
22. cxd5 Rxd5 23. Rxd5 Bxd5 24. Rd1 Bxa2 25. Bd6 Qg5 26. Bf4 Qh4 27. g3 Qxh3 28.
Bc4+ Bxc4 29. Qxc4+ Kh8 30. Rd7 Bg7 31. Qc7 Qh5 32. Be5 Qe2 33. Bxg7+ Kg8 34.
Qc3 Qb5 35. Rd2 Re8 36. Bh8 Re7 37. Rd8+ 1-0